Crestomatía del español medieval / (Record no. 49992)

MARC details
000 -LEADER
campo de control de longitud fija 00770nam a2200205 i 4500
001 - NÚMERO DE CONTROL
campo de control 49992
003 - IDENTIFICADOR DE NÚMERO DE CONTROL
campo de control ES-MaACL
005 - FECHA Y HORA DE LA ÚLTIMA TRANSACCIÓN
campo de control 20240422105725.0
007 - CAMPO FIJO DE DESCRIPCIÓN FÍSICA--INFORMACIÓN GENERAL
campo de control de longitud fija t|
008 - DATOS DE LONGITUD FIJA--INFORMACIÓN GENERAL
campo de control de longitud fija 030728m19651966sp ||||1| spa d
245 00 - MENCIÓN DEL TÍTULO
Título Crestomatía del español medieval /
Mención de responsabilidad, etc. por Ramón Menéndez Pidal ... [et al.] ; acabada y revisada por Rafael Lapesa y María Soledad de Andrés.
260 ## - PUBLICACIÓN, DISTRIBUCIÓN, ETC.
Lugar de publicación, distribución, etc. Madrid :
Nombre del editor, distribuidor, etc. [Gredos],
Fecha de publicación, distribución, etc. 1965-66.
300 ## - DESCRIPCIÓN FÍSICA
Extensión 2 v. ;
Dimensiones 24 cm.
500 ## - NOTA GENERAL
Nota general Seminario de Menéndez Pidal. Universidad de Madrid. Facultad de Filosofía y Letras.
700 1# - ENTRADA AGREGADA--NOMBRE PERSONAL
Nombre de persona Menéndez Pidal, Ramón,
Fechas asociadas al nombre 1869-1968
9 (RLIN) 80315
700 0# - ENTRADA AGREGADA--NOMBRE PERSONAL
Nombre de persona Lapesa, Rafael,
Fechas asociadas al nombre 1908-2001
9 (RLIN) 70146
700 1# - ENTRADA AGREGADA--NOMBRE PERSONAL
Nombre de persona Andrés, María Soledad de.
9 (RLIN) 21579
852 ## - LOCALIZACIÓN
Ubicación ES-MaACL
Número de control de estantería E-4548-9
Sublocalización o colección R.56904
Holdings
Estatus retirado Estado de pérdida Estado de daño No para préstamo Biblioteca de origen Biblioteca actual Ubicación en estantería Fecha de adquisición Fuente de adquisición Total de préstamos Signatura topográfica completa Código de barras Visto por última vez Precio de reemplazo Tipo de ítem Koha
        Biblioteca del Ateneo de Madrid Biblioteca del Ateneo de Madrid Depósito 2 17/01/2008     E-4548-9 1052592 23/02/2023 23/02/2023 Libro impreso